[Event "EU-chT (Men) 16th"]
[Site "Heraklion"]
[Date "2007.10.28"]
[Round "1.1"]
[White "Svidler, Peter"]
[Black "Berg, Emanuel"]
[Result "1-0"]
[WhiteElo "2732"]
[BlackElo "2593"]
[Annotator "Berg,E"]
[PlyCount "81"]
[EventDate "2007.10.28"]
[EventType "team-swiss"]
[EventRounds "9"]
[EventCountry "GRE"]
[SourceTitle "CBM 121"]
[Source "ChessBase"]
[SourceDate "2007.11.14"]
[SourceVersion "1"]
[SourceVersionDate "2007.11.14"]
[SourceQuality "1"]
[WhiteTeam "Russia"]
[BlackTeam "Sweden"]
[WhiteTeamCountry "RUS"]
[BlackTeamCountry "SWE"]

1. e4 e6 2. d4 d5 3. Nc3 Bb4 4. e5 c5 5. a3 Bxc3+ 6. bxc3 Ne7 7. Qg4 {This is
the critical test to the Winawer line of the French Defence. Recently Black
has had great problems and I still havn't seen anything convincing. During the
last few years I have tried a few different lines myself in order to find
something satisfactory. After 7...0-0 Black might survive somehow after a
stubborn defence, but there is no easy road for Black and usually a lot of
suffering on the way. Therefore when playing on the first board for Sweden
against Russia I decided to go for a pawn sacrifice where Black gets a lot of
activity and development advantage. Maybe this line is better for White as
well, but at least he will need to be carefull. Playing Black against Svidler
was of course an excellent test to find out if the line was working.} cxd4 ({
After} 7... Qc7 {White can transpose to the game with 8.Qxg7, but he also has
the additional option} 8. Bd3 {with the idea} cxd4 9. Ne2 dxc3 10. Qxg7 Rg8 11.
Qxh7 {when White no longer has the usual development problems. Having the
Bishop on d3 instead of f1 is a great improvement.}) 8. Qxg7 ({Here} 8. Bd3 {
is well met by} Qa5 $1) 8... Rg8 9. Qxh7 Qc7 10. Ne2 Nbc6 11. f4 Bd7 12. Qd3
dxc3 {This is all very well know variations, but from here on White has quite
a few possible choices.} 13. Rg1 $5 {This came as a surprise to me as I hadn't
seen this move beeing play right at this moment, although the idea is well
know. White would like to push g4 in order to control the f5-square and
restrict the Black Knight on e7. Usually White takes the pawn on c3 either
with the Queen or the Knight, when Black gets some counterplay along the
c-file. Now with the pawn left on c3, Black must act different.} O-O-O {
Black completes his development and prepares to push...d4 in order to support
c3 and aslo to restrict the White Bishop on c1.} (13... Qb6 $5 {has been
played in two previous game of of totally three games according to my database.
However after} 14. Be3 Qb2 15. Qd1 $1 {the Queen on b2 doesn't look that
healthy to me and has managed to get out with his Bishop from c1.} ({Here} 15.
Qxc3 {looks far too dangerous for White. After the forced line} Qxc3+ 16. Nxc3
d4 17. Nb5 dxe3 18. Nc7+ Kf8 19. Nxa8 Nd4 {[%csl Ra8,Gd4,Ge3][%cal Od4c2,Rd4f3]
Black has a lot of compensation for the sacrificed material.}) 15... Nf5 (15...
b6 16. g4 Rc8 17. Qb1 d4 18. Bc1 Qxb1 19. Rxb1 Nd5 20. Rg3 f6 21. exf6 Nxf6 22.
h3 Ne4 23. Rf3 Nc5 24. Ng3 e5 25. Bd3 Kd8 26. Kf2 Re8 27. fxe5 Nxe5 28. Bg5+
Kc7 29. Bf4 Kc6 30. Bxe5 Rxe5 31. Rb4 Ne6 32. Nf5 Nc5 33. Bb5+ Kb7 34. Bxd7
Nxd7 35. Nd6+ Kc7 36. Nxc8 Kxc8 37. Rxd4 Nc5 38. Rxc3 Kb7 39. Re3 {1-0 Inhoven,
S-Wielsch,K/Ladenburg 1992/GER}) 16. Bf2 d4 17. g4 Ne3 18. Bxe3 dxe3 19. Qb1
Na5 20. Qxb2 cxb2 21. Rb1 Nc4 22. Nd4 Rc8 23. Bd3 Rh8 24. Rg2 b6 25. Ke2 Ba4
26. Bxc4 Rxc4 27. Kd3 b5 28. Rxb2 Rh3 29. Re2 Rh4 30. Nxb5 Bxb5 31. Rxb5 Ra4
32. Kxe3 Rxg4 33. Rb3 Rgxf4 34. Kd2 Kd7 35. Kc1 Kc6 36. Kb2 Rf5 37. Rbe3 Kd5
38. Rd3+ Kc6 39. Kb3 Ra5 40. Rde3 Rb5+ 41. Ka2 Rc5 42. Kb2 Rb5+ 43. Kc1 Rc5 44.
Kd2 Rd5+ 45. Kc1 Rc5 46. Re4 Ra5 47. Kb2 Rd5 48. h4 Rb5+ 49. Kc3 Rf3+ 50. R2e3
Rc5+ 51. Kd2 Rf2+ 52. Re2 Rf5 53. c4 Ra5 54. R2e3 Rf2+ 55. Ke1 Rf5 56. Ke2 Kb6
57. Rb3+ Kc6 58. Ke3 Rfxe5 59. Rxe5 Rxe5+ 60. Kf4 Re1 61. Rh3 f6 62. h5 Rf1+
63. Ke3 Rb1 64. Kd4 Rd1+ 65. Kc3 Rd7 66. h6 Rh7 67. Kd4 Kd6 68. Rh5 Kc6 69. a4
Rd7+ 70. Ke4 Rh7 71. Kd4 {1/2-1/2 Fontan,M-Juarez Flores,C/Mexiko 1997/EXT 2000
}) 14. g4 $146 {A novelty. In the only other game in the database White
decided not to allow the advance ...d4 and played} (14. Nxc3 {which is which
is a very interesting option. But this opens up the position before White is
finnished with development which might be very risky. In the game Black
continued energetically with} Nf5 15. g4 Nxe5 $5 16. fxe5 Qxe5+ 17. Kd1 {
but as the game showed there were not enough compensation.} Qxh2 18. Ne2 Nd6
19. Bf4 Qh8 20. Qc3+ Qxc3 21. Nxc3 Ne4 22. Nxe4 dxe4 23. Kd2 f6 24. g5 e5 25.
Bh2 Ba4+ 26. Ke3 Rxg5 27. Rxg5 fxg5 28. Bxe5 Rf8 29. Bh3+ Kd8 30. Rd1+ Ke8 31.
Bg4 Bxc2 32. Bh5+ {1-0 Mitkov,N-Aguera Naredo,J/Aviles 1992/EXT 1999}) 14... d4
{Now Black threatens to play ....Qb6 and Whites queenside would be totally
cramped.} 15. Rb1 $1 {Activates the Rook and preventing ...Qb6.} ({Grabbing
the pawn gives Black far too much counterplay after} 15. Nxd4 Nxd4 (15... Be8
16. Nb5 $1) (15... Qb6 16. Ne2) 16. Qxd4 Bb5 17. Qxa7 Nc6 18. Qf2 Bxf1 19. Kxf1
Nd4 {and White's King is in bug troubble.}) 15... Be8 {A standardmanuvre for
Black in this line. Black protects the d4-pawn and prepares the f6-break
followed by ...Bg6 at some point. It is necessary for Black to do something
active before White has strengthen his position and developed his pieces. If
Black manages to open up the center, then White's King will be in danger.} 16.
Rg3 {A useful move. Now it will be possible for WHite to develop the Kings
Bishop to g2 without having the g4-pawn hanging. Moreover the Rook has a
imortant work along the third rank where it protects against a possible
comming ...d3-break.} (16. g5 {was possible in order to prevent the ...
f6-break. But here after} Rh8 17. h3 Nf5 {Black has excellent control over the
light squares.}) 16... f6 ({In case of with the idea to play ...f6 next, White
has the strong reply} 16... Nd5 17. Qh7 $1 {as Svidler mentioned during the
postmortem.} (17. g5 {is better now then in the previous move, but even here
Black can be satisfied after} Rh8 18. Rh3 Rxh3 19. Bxh3 Nde7 {with control of
the position..})) 17. exf6 Nd5 (17... Bg6 $2 {can be met by} 18. f5 {but even
stronger is} (18. fxe7 $1 Bxd3 19. exd8=Q+ Qxd8 20. cxd3 {with a clear
advantage to White and no sign of counterplay for Black.}) 18... Nxf5 19. gxf5
Bxf5 20. Qc4 $16) 18. Qc4 $6 ({Here} 18. Nxd4 $1 {was possible as after} Nxf6 {
White can play the incredible} 19. Nb5 $1 {which we both missed during the
game.} ({After} 19. Nxe6 $2 Rxd3 20. Nxc7 Rxg3 {things are completely
different as now the e-file is open and} 21. Nxe8 {looses to} Rxe8+) 19... Rxd3
20. Nxc7 Rxg3 21. Nxe8 Nxe8 22. hxg3 Rxg4 23. Kf2 {with a clear advantage to
White. The pair of Bishops are superior in this open position and the
weaknesses of c3 and e6 will at least cost Black a pawn in the nearest future.}
) 18... e5 {Now the center opens up and White need to act very carefully.} 19.
g5 {This gives Black an excellent opportunity for an exchange sacrifice.} ({
Perhaps} 19. fxe5 {was more sensible, but Black has good couterplay here too
after} Bf7) 19... Bf7 $2 {A clear mistake, that even turned out to be decisive
as after this Black never got any real chances to get back into the game.} ({
Necessary was} 19... exf4 $1 20. Bxf4 (20. Nxf4 $5 {should be considered.} {
Allthough it looks very risky for White after} Nxf4 21. Qxg8 {hes till has a
lot of extra material and his king might find a safe spot on g1.}) 20... Nxf4
21. Qxg8 {and here Black has a very promising position after} d3 $1 22. cxd3
Nxe2 23. Bxe2 Nd4 {as mentioned by Svidler. Still there is a lot of material
sacrificed and somehow White should be able to defend. However in practice
this would have been an excellent choice.}) 20. Qd3 $1 {Now threatening to
push ...g6.} Bg6 ({After} 20... exf4 21. Qf5+ Kb8 22. Bxf4 Nxf4 23. Qxf4 {
White exchanges pieces and gets a clearly better endgame. The passed pawn on
the Kingside will decide, sooner or later.}) 21. f5 Bh5 22. Qe4 $1 {By
blocking the advance of the e-pawn White eliminates every possiblity of
counterplay from Black.} Rge8 23. Kf2 {Going out from the X-ray attack. White
is in no hurry and does best just to play some profylactic moves before going
into action.} Bf7 24. Bg2 Nb6 25. g6 Bd5 26. Qg4 e4 27. f7 Ne5 28. Qf4 e3+ 29.
Kg1 Re7 30. Bxd5 (30. Rxb6 $1 {was another winning move.}) 30... Nxd5 31. Qxd4
Nxf7 32. gxf7 Rxf7 33. Bxe3 Rxf5 34. Qxa7 Re8 35. Qa8+ Qb8 36. Qxb8+ Kxb8 37.
Nd4 Nxe3 38. Rxe3 Rxe3 39. Nxf5 Re2 40. Nd4 Rd2 41. Rb4 {The timescramble was
over and Black resigned. Theoretically speaking White was doing well in this
game, although giving Black some unnecessary chances.} 1-0

[Event "WDR Match TV g/60"]
[Site "Cologne"]
[Date "1990.??.??"]
[Round "?"]
[White "Polgar, Judit"]
[Black "Knaak, Rainer"]
[Result "1-0"]
[WhiteElo "2550"]
[BlackElo "2500"]
[Annotator "Borik,O"]
[PlyCount "79"]
[EventDate "1990.08.??"]
[EventType "game"]
[EventRounds "1"]
[EventCountry "GER"]
[SourceTitle "CBM 018"]
[Source "ChessBase"]
[SourceDate "1990.10.01"]
[SourceVersion "1"]
[SourceVersionDate "1990.10.01"]
[SourceQuality "1"]

1. e4 e6 2. d4 d5 3. Nc3 Bb4 4. e5 c5 5. a3 Bxc3+ 6. bxc3 Ne7 7. Qg4 Qc7 8. Bd3
cxd4 (8... c4 9. Be2 Nf5 10. Nf3 Nc6 11. Qh5 h6 12. O-O Bd7 13. g4 $10 {
Sax,G-Short,N Skelleftea 1989.}) 9. Ne2 Qxe5 $6 (9... Nd7 $14 {Short}) 10. Bf4
Qf6 11. Bg5 Qe5 12. cxd4 h5 (12... Qc7 13. Bf4 Qd8 14. Qxg7 Rg8 15. Qxh7 Rxg2
16. Bg3) 13. Qh4 Qc7 14. Bf4 Qa5+ 15. Bd2 (15. c3 Bd7 16. O-O Bb5) 15... Qd8
16. g4 e5 (16... Ng6 17. Qxd8+ Kxd8 18. gxh5 Rxh5 (18... Nh4 19. Bg5+) (18...
Ne7 19. Nf4 Nbc6 20. c3) 19. Bxg6 fxg6 20. Nf4 Rh6 (20... Rh4 21. Nxe6+ Kd7 (
21... Bxe6 22. Bg5+) 22. Nc5+) 21. O-O-O Nc6 22. c3 g5 23. Nd3 Rg6 24. Rdg1 g4
25. Nf4) 17. dxe5 Bxg4 18. Rg1 Qd7 (18... Ng6 19. Qg3 Qh4 20. Qe3 Nc6 (20...
Qxh2 21. e6) 21. O-O-O) 19. f3 Be6 $6 (19... Bxf3 20. Rxg7 Nf5 21. Qg5 Nxg7 22.
Qxg7 Rf8 23. Bb4) (19... Bf5 20. Rxg7 Bxd3 (20... Ng6 21. Qf6 Bxd3 22. Rxg6) (
20... Bg6 21. Nf4) 21. cxd3 Nbc6 (21... Nf5 22. Qg5) 22. d4) 20. Nd4 Nbc6 (
20... g6 21. Bg5 Nbc6 22. Nxc6 Nxc6 23. Bf6 Rf8 (23... Rg8 24. Qxh5) 24. Rb1)
21. Nxc6 Nxc6 22. Rxg7 Qc7 (22... Nxe5 23. Qg3 Nc6 (23... Ng6 24. Bxg6 Kf8 25.
Bxf7 Bxf7 26. Bb4+ Ke8 27. O-O-O) (23... Nxd3+ 24. cxd3 Rc8 (24... Rf8 25. Bb4)
25. Bb4 Qb5 26. Qg5 Rc7 27. Kd2 a5 28. Rc1) 24. Rg8+ Ke7 25. Bg5+ f6 26. Bxf6+
Kxf6 27. Qg5+ Kf7 28. Qg7#) 23. f4 Nxe5 24. fxe5 $1 Qxe5+ 25. Kf2 Qxg7 (25...
Qxa1 26. Bb4 f6 (26... Kd7 27. Rxf7+ Bxf7 (27... Kc6 28. Qf4) (27... Kc8 28.
Qf4 Bxf7 29. Bf5+) 28. Qe7+ Kc6 (28... Kc8 29. Bf5+ Kb8 30. Bd6#) 29. Bb5+ Kxb5
30. Qc5+) 27. Re7+ Kd8 28. Rxe6) 26. Rg1 $1 (26. Bb4 $2 f6 27. Re1 Kf7 $13)
26... Qb2 (26... Bg4 27. h3 (27. Bb4 Qd4+ 28. Kg2 Bf3+) (27. Re1+ Kf8 (27...
Be6 28. Bb4) 28. Qe7+ Kg8)) 27. Bb4 f6 28. Re1 O-O-O (28... Kf7 29. Rxe6 Kxe6
30. Qh3+ Kf7 31. Qd7+ Kg8 32. Qxd5+ Kg7 33. Qd7+) 29. Rxe6 $16 Kb8 30. Qxf6 Qa2
31. Qd4 Rc8 32. Bd2 Ka8 33. Be3 Rxc2+ 34. Bxc2 Qxc2+ 35. Ke1 Qb1+ 36. Kd2 Qa2+
37. Kd1 Qb1+ 38. Ke2 Qc2+ 39. Bd2 Rf8 40. Qxd5 1-0

[Event "EU-chT (Men) 10th"]
[Site "Debrecen"]
[Date "1992.11.??"]
[Round "8.2"]
[White "Magem Badals, Jordi"]
[Black "Hertneck, Gerald"]
[Result "1-0"]
[WhiteElo "2515"]
[BlackElo "2530"]
[Annotator "Bulletin"]
[PlyCount "85"]
[EventDate "1992.11.20"]
[EventType "team-swiss"]
[EventRounds "9"]
[EventCountry "HUN"]
[SourceTitle "EU-chT"]
[Source "ChessBase"]
[SourceDate "1999.07.01"]
[SourceVersion "2"]
[SourceVersionDate "1999.07.01"]
[SourceQuality "1"]
[WhiteTeam "Spain"]
[BlackTeam "Germany"]
[WhiteTeamCountry "ESP"]
[BlackTeamCountry "GER"]

1. e4 e6 2. d4 d5 3. Nc3 Bb4 4. e5 Ne7 5. a3 Bxc3+ 6. bxc3 c5 7. h4 Qa5 8. Bd2
cxd4 9. cxd4 Qa4 10. Nf3 b6 11. h5 h6 12. Qb1 Ba6 13. Qb3 Qc6 $13 (13... Qd7 $5
) 14. Bb4 Bxf1 15. Rxf1 Qd7 16. Bxe7 Kxe7 17. c4 Rc8 18. Rc1 dxc4 19. Rxc4 Nc6
20. Kd2 Na5 21. Qb4+ Ke8 22. Rxc8+ Rxc8 23. Rc1 Rxc1 24. Kxc1 g5 25. hxg6 fxg6
26. Kd2 Kf7 27. Ke3 Qc6 28. Nd2 Qxg2 29. Ne4 g5 30. Qb5 Ke7 31. Qb4+ Ke8 32.
Nf6+ Kf7 33. Qb1 Qh3+ 34. Ke2 Qf5 35. Qc1 g4 36. Qc7+ Kg6 37. Qh7+ Kg5 38. Qg7+
Qg6 39. Ne4+ Kh5 40. Ng3+ Kg5 41. Qe7+ Kf4 42. Qf6+ Qxf6 43. exf6 1-0

[Event "EU-chT (Men) 10th"]
[Site "Debrecen"]
[Date "1992.11.??"]
[Round "2.3"]
[White "Hellers, Ferdinand"]
[Black "Eingorn, Vereslav S"]
[Result "1/2-1/2"]
[WhiteElo "2510"]
[BlackElo "2590"]
[Annotator "Bulletin"]
[PlyCount "97"]
[EventDate "1992.11.20"]
[EventType "team-swiss"]
[EventRounds "9"]
[EventCountry "HUN"]
[SourceTitle "EU-chT"]
[Source "ChessBase"]
[SourceDate "1999.07.01"]
[SourceVersion "2"]
[SourceVersionDate "1999.07.01"]
[SourceQuality "1"]
[WhiteTeam "Sweden"]
[BlackTeam "Ukraine"]
[WhiteTeamCountry "SWE"]
[BlackTeamCountry "UKR"]

1. e4 e6 2. d4 d5 3. Nc3 Bb4 4. e5 Ne7 5. a3 Bxc3+ 6. bxc3 c5 7. Qg4 Kf8 8. a4
b6 9. Nf3 h6 10. Ba3 Qc7 11. Bd3 Ba6 12. O-O Bxd3 13. cxd3 Na6 (13... Nd7 14.
c4 $14) 14. c4 Rd8 15. dxc5 (15. Rac1 $5) 15... bxc5 16. cxd5 (16. d4 $5) 16...
Rxd5 17. Qc4 Nb8 18. d4 Kg8 19. dxc5 (19. Bxc5 Nd7 20. Rac1 Nxc5 21. dxc5 Nc6
$14) 19... Nbc6 20. Rad1 Kh7 (20... Nxe5 21. Nxe5 Qxe5 (21... Rxe5 22. Rd6 $1)
22. c6 Rxd1 23. Rxd1 Nd5 24. Qc2 $1) 21. Qe4+ Ng6 (21... g6 22. Qf4) 22. Rxd5
exd5 23. Qxd5 Rd8 24. Qe4 Ncxe5 25. Nxe5 (25. Nd4 $1 Nc4 26. Ne6 $16) 25...
Qxe5 26. Qc2 Kg8 27. Bc1 (27. c6 $5) 27... Ne7 28. Bb2 (28. h3 $1 {} Rc8 29.
Rd1) 28... Qd5 29. Re1 Nc6 30. h3 a5 31. Qc3 f6 32. Qe3 Kh7 (32... Kf7 $5) 33.
Bc3 (33. Qe6 $5) 33... Qc4 34. Qe4+ Qxe4 35. Rxe4 Rd5 36. Rc4 Rd1+ 37. Kh2 Rc1
38. f4 Rc2 39. Kg3 (39. Kg1 $17) 39... g5 40. Kf3 gxf4 41. Ke4 Ne5 42. Bxe5
Rxc4+ 43. Kd5 Rxc5+ (43... Rxa4 $1 $19 {/\Ra2-g2-g8} 44. c6 $2 fxe5 45. c7 Rd4+
) 44. Kxc5 fxe5 45. Kd5 Kg6 46. Kxe5 Kg5 47. Ke4 h5 48. Ke5 Kh4 49. Kxf4
1/2-1/2

[Event "World Cup"]
[Site "Barcelona"]
[Date "1989.03.??"]
[Round "3"]
[White "Short, Nigel D"]
[Black "Vaganian, Rafael A"]
[Result "1-0"]
[WhiteElo "2650"]
[BlackElo "2600"]
[Annotator "Bulletin"]
[PlyCount "101"]
[EventDate "1989.03.??"]
[EventType "tourn"]
[EventRounds "17"]
[EventCountry "ESP"]
[EventCategory "15"]
[SourceTitle "CBM 012"]
[Source "ChessBase"]
[SourceDate "1989.10.01"]
[SourceVersion "1"]
[SourceVersionDate "1989.10.01"]
[SourceQuality "1"]

1. e4 e6 2. d4 d5 3. Nc3 Bb4 4. e5 c5 5. a3 Ba5 6. dxc5 Bxc3+ 7. bxc3 Qc7 8.
Nf3 Nd7 9. Bb5 Qxc5 10. a4 a6 11. Bxd7+ Bxd7 12. O-O Qxc3 13. Bd2 Qc4 14. Rb1
Qc7 15. c4 Ne7 16. Bb4 Bc6 17. cxd5 Bxd5 18. Bd6 Qd7 19. Rc1 Rc8 20. Ng5 Rxc1
21. Qxc1 Nf5 (21... h6 $5 22. Bxe7 Kxe7 23. Qc5+ Ke8 $13 24. Nh3 (24. Rc1 $2
hxg5 25. Qc8+ Qd8 $1)) 22. Ba3 f6 {'!' Bulletin.} 23. exf6 gxf6 24. Qc3 {
'?!' Bulletin.} (24. Nh3 $5 Kf7 25. Nf4 $13) 24... Rg8 25. Qxf6 (25. Nf3 Nd4 $1
26. Qxd4 (26. Nxd4 $2 Rxg2+) 26... Rxg2+ $1 27. Kh1 (27. Kxg2 Bxf3+ 28. Kxf3
Qxd4 $19) 27... Rg1+ 28. Kxg1 Qg7+ $1 $19) 25... h6 {'?' Bulletin.} (25... Qg7
$1 26. Qxg7 Rxg7 27. f4 h6 28. Nf3 Ne3 29. Rf2 Bxf3 30. Rxf3 Rxg2+ 31. Kh1 Re2
32. h3 Kd7 $17) 26. Re1 {'!' Bulletin.} (26. Rc1 $2 hxg5 27. g4 Qg7 28. Rc8+
Kd7 29. Rd8+ Kc7) 26... hxg5 (26... Rxg5 $2 27. Qf8#) 27. Qxf5 {'+/-' Bulletin.
} Kd8 28. Qe5 Kc8 29. Bc5 Qg7 30. Qg3 Qc7 31. Qa3 Kd7 32. Be3 Qd6 33. Qb2 Kc8
34. Qd4 Kd7 35. Rd1 Ke7 36. h3 Kf7 37. Rc1 Qd8 38. Qg4 Bc6 39. Rc5 Bd5 40. Qh5+
Rg6 41. Bd4 e5 42. Bxe5 Be4 43. Rc7+ Ke6 44. Bg3 Qd4 45. Qg4+ Kf6 46. Qc8 Rg7
47. Qf8+ Kg6 48. Rxg7+ Qxg7 49. Qe8+ Kf5 50. Qc8+ Kf6 51. Be5+ 1-0

[Event "Lugano Open-10"]
[Site "Lugano"]
[Date "1985.03.??"]
[Round "3"]
[White "Stein, Bernd"]
[Black "Farago, Ivan"]
[Result "0-1"]
[WhiteElo "2380"]
[BlackElo "2495"]
[Annotator "Bulletin"]
[PlyCount "62"]
[EventDate "1985.03.??"]
[EventType "swiss"]
[EventRounds "9"]
[EventCountry "SUI"]
[SourceTitle "EXT 2000"]
[Source "ChessBase"]
[SourceDate "1999.11.16"]
[SourceVersion "1"]
[SourceVersionDate "1999.11.16"]
[SourceQuality "1"]

1. e4 e6 2. d4 d5 3. Nc3 Bb4 4. e5 Ne7 5. a3 Bxc3+ 6. bxc3 c5 7. Qg4 Qc7 (7...
O-O 8. Bd3 Nbc6 9. Nf3 f5 10. exf6 Rxf6 11. Bg5 Rf7 $13) 8. Qxg7 Rg8 9. Qxh7
cxd4 10. Kd1 (10. Ne2 Nbc6 11. f4 dxc3 12. Qd3 Bd7) 10... Nbc6 11. Nf3 dxc3 (
11... Nxe5 12. Bf4 Qxc3 13. Nxe5 Qxa1+ 14. Bc1 Rf8 15. Bd3 $13) 12. Ng5 (12. h4
Qb6 13. Be3 d4 14. Bg5) 12... Nxe5 13. f4 Rxg5 $1 14. fxg5 N5g6 15. h4 e5 16.
h5 Nf8 17. Qg7 (17. Qd3 Bf5) 17... Bg4+ 18. Ke1 O-O-O 19. Qxf7 Bf5 $1 20. Rh4 (
20. g6 e4 $1 21. g7 Ne6) 20... Ne6 21. g4 (21. h6 e4 22. Qh5 Ng6 {/\ ...Qg3})
21... e4 $1 22. Kf2 $2 (22. gxf5 $1 Nxg5 (22... Qg3+ 23. Kd1 Nd4 24. Rf4 Nf3
25. Rxf3) 23. Bf4 $1) 22... Rf8 23. Qxf8+ Nxf8 24. gxf5 Nxf5 25. Rf4 (25. Bh3
Qg3+) 25... Qe5 26. Bh3 e3+ 27. Kf3 Ne6 $1 28. Rxf5 Nd4+ 29. Kg2 Nxf5 30. Bxf5+
Qxf5 31. Bxe3 d4 $1 (31... d4 32. Bxd4 (32. Bf2 Qxg5+) 32... Qe4+) 0-1

[Event "World Cup"]
[Site "Skelleftea"]
[Date "1989.08.??"]
[Round "3"]
[White "Sax, Gyula"]
[Black "Short, Nigel D"]
[Result "1/2-1/2"]
[WhiteElo "2580"]
[BlackElo "2660"]
[Annotator "Bulletin"]
[PlyCount "31"]
[EventDate "1989.08.??"]
[EventType "tourn"]
[EventRounds "15"]
[EventCountry "SWE"]
[EventCategory "16"]
[SourceTitle "CBM 014"]
[Source "ChessBase"]
[SourceDate "1990.02.01"]
[SourceVersion "1"]
[SourceVersionDate "1990.02.01"]
[SourceQuality "1"]

1. e4 e6 2. d4 d5 3. Nc3 Bb4 4. e5 c5 5. a3 Bxc3+ 6. bxc3 Ne7 7. Qg4 Qc7 8. Bd3
{'!?' Bulletin. Bulletin: 'Perenyi'} c4 {'?!' Bulletin. Bulletin: '?; ECO 18/
14,82'} (8... cxd4 $5 9. Ne2 dxc3 10. Qxg7 Rg8 11. Qxh7 Nbc6 12. f4 Bd7 13. O-O
O-O-O $13 {ECO C18/14}) 9. Be2 Nf5 10. Nf3 Nc6 11. Qh5 {Bulletin: '11.Qh3!+/-;
Uhlmann ECO18/14,82'} h6 12. O-O Bd7 13. g4 Nfe7 14. Ng5 Rf8 15. Nh7 Rh8 16.
Ng5 1/2-1/2

[Event "SUI-ch op"]
[Site "Luzern"]
[Date "1994.07.20"]
[Round "7"]
[White "Golubev, Mikhail"]
[Black "Legky, Nikolay A"]
[Result "1-0"]
[WhiteElo "2545"]
[BlackElo "2525"]
[Annotator "Bulletin"]
[PlyCount "41"]
[EventDate "1994.07.14"]
[EventType "swiss"]
[EventRounds "9"]
[EventCountry "SUI"]
[SourceTitle "EXT 1999"]
[Source "ChessBase"]
[SourceDate "1998.11.16"]
[SourceVersion "1"]
[SourceVersionDate "1998.11.16"]
[SourceQuality "1"]

1. e4 e6 2. d4 d5 3. Nc3 Bb4 4. e5 c5 5. a3 Bxc3+ 6. bxc3 Ne7 7. Qg4 Kf8 8. a4
b6 9. Ba3 Qc7 10. Nf3 Kg8 11. Bd3 cxd4 12. Bxe7 Qxe7 13. Nxd4 $1 g6 14. O-O Kg7
15. f4 Qc5 16. Kh1 Nc6 17. Qg5 $1 Rf8 $2 (17... Nxd4 18. cxd4 Qxd4 19. Qf6+ Kg8
20. h4 $1) 18. f5 $1 Nxd4 (18... exf5 19. Qf6+ Kg8 20. Qxc6) 19. cxd4 Qxd4 20.
fxg6 hxg6 21. Bxg6 $1 (21. Bxg6 {Nach} fxg6 22. Qe7+ {wird der schwarze König
auf die Strecke gebracht.}) 1-0